| 000 | 00000nam 2200000zi 4500 |
| 001 | 9.928895 |
| 003 | CaOODSP |
| 005 | 20231212154807 |
| 006 | m o d f |
| 007 | cr |n||||||||| |
| 008 | 231016s2021 oncd ob f|0| 0 eng d |
| 040 | |aCaOODSP|beng|erda|cCaOODSP |
| 043 | |an-cn--- |
| 086 | 1 |aA104-444/2021E-PDF |
| 245 | 00|aEvaluation of the export certification program / |cAudit and Evaluation Branch. |
| 246 | 33|aEvaluation of the export certification program - final report |
| 264 | 1|a[Ottawa] : |bCanadian Food Inspection Agency = Agence canadienne d'inspection des aliments, |c[2021] |
| 300 | |a1 online resource (29 pages) : |bcharts |
| 336 | |atext|btxt|2rdacontent |
| 337 | |acomputer|bc|2rdamedia |
| 338 | |aonline resource|bcr|2rdacarrier |
| 500 | |aIssued also in French under title: Évaluation du programme de certification des exportations. |
| 504 | |aIncludes bibliographical references. |
| 650 | 0|aExports|xCertification|zCanada. |
| 710 | 2 |aCanadian Food Inspection Agency. |bAudit and Evaluation, |eissuing body. |
| 775 | 08|tÉvaluation du programme de certification des exportations / |w(CaOODSP)9.928896 |
| 856 | 40|qPDF|s1.53 MB|uhttps://publications.gc.ca/collections/collection_2023/acia-cfia/A104-444-2021-eng.pdf |
| 856 | 41|qHTML|sN/A|uhttps://inspection.canada.ca/about-cfia/transparency/corporate-management-reporting/audits-reviews-and-evaluations/evaluation-of-the-export-certification-program/final-report/eng/1607653161281/1607653161640 |